000 00701nam a2200205 i 4500
001 bgj
100 1 _aMILLER, James E. Jr.
245 1 0 _aThree centuries of English Literature 1625/1900 :
_bJohn Donne - Lewis Carrol /
_cJames E. Miller, Jr. ; Myrtle J. Jones ; Helen McDonnell.
260 _aGlenview, Ill. :
_bScott, Foresman and Company,
_cc. 1976.
300 _aVIII, 255 pp ;
_c24 cm.
650 9 _aEnglish literature
_xHistory and criticism
_y1625-1900
700 1 _aJONES, Myrtle J.
_eco-author
700 1 _aMcDONNEL, Helene.
_eco-author
020 _a0673102173
040 _cBPK
041 0 _aeng
920 _a0-673-10217-3
942 _cKS
008 s uk f |000 0 eng
999 _c48646
_d48646
856 _uhttp://koha.tu.koszalin.pl/cgi-bin/koha/opac-detail.pl?biblionumber=48646
_yKatalog online BPK